[Event "FRA-chT2 1011"]
[Site "France"]
[Date "2010.11.13"]
[Round "2.4"]
[White "Larrat, Philippe"]
[Black "Titli, Vincent Christian"]
[Result "1-0"]
[WhiteElo "2185"]
[BlackElo "2134"]
[PlyCount "53"]
[EventDate "2010.10.17"]
[EventType "team-tourn"]
[EventRounds "11"]
[EventCountry "FRA"]
[SourceTitle "EXT 2012"]
[Source "ChessBase"]
[SourceDate "2011.11.24"]
[SourceVersion "1"]
[SourceVersionDate "2011.11.24"]
[SourceQuality "1"]

1. e4 e5 2. Nf3 Nc6 3. Bb5 a6 4. Ba4 Nf6 5. d4 exd4 6. 0-0 Be7 7. Re1 d6 8. Nxd4 Bd7 9. Nxc6 bxc6 10. Nc3 0-0 11. Bf4 Ne8 12. Qd3 Bg5 13. Bg3 Bh4 14. Qc4 Bxg3 15. hxg3 c5 16. Bxd7 Qxd7 17. Rad1 Qg4 18. Nd5 Kh8 19. Rd3 Rb8 20. b3 c6 21. Ne3 Qc8 22. Nf5 d5 23. Qxc5 Nf6 24. Nd6 Nxe4 25. Rxe4 dxe4 26. Nxc8 exd3 27. Qxf8# 1-0

[Event "FRA-chT1A 0809"]
[Site "France"]
[Date "2008.12.13"]
[Round "4.4"]
[White "Lerch, Patrice"]
[Black "Larrat, Philippe"]
[Result "1-0"]
[WhiteElo "2339"]
[BlackElo "2170"]
[PlyCount "79"]
[EventDate "2008.10.19"]
[EventType "team-tourn"]
[EventRounds "11"]
[EventCountry "FRA"]
[SourceTitle "EXT 2010"]
[Source "ChessBase"]
[SourceDate "2010.11.25"]
[SourceVersion "1"]
[SourceVersionDate "2010.11.25"]
[SourceQuality "1"]
[WhiteTeam "Mulhouse II"]
[BlackTeam "Creteil"]
[WhiteTeamCountry "FRA"]
[BlackTeamCountry "FRA"]

1. e4 c5 2. Nc3 g6 3. g3 Bg7 4. Bg2 Nc6 5. d3 d6 6. Nh3 Rb8 7. 0-0 b5 8. f4 b4 9. Nd5 e6 10. Ne3 Nd4 11. a3 a5 12. axb4 axb4 13. Bd2 Ne7 14. c3 bxc3 15. bxc3 Nb5 16. Qc2 0-0 17. Rfb1 Bd7 18. Rb3 Ra8 19. Qb2 Rxa1+ 20. Qxa1 Qa8 21. Qb1 Qa5 22. Nf2 Ra8 23. e5 d5 24. Nf1 c4 25. dxc4 Na3 26. Rb8+ Bf8 27. Rxa8 Qxa8 28. Qa2 Bc6 29. Ne3 Nf5 30. cxd5 Nxe3 31. Bxe3 exd5 32. Ng4 Qa4 33. Nf6+ Kg7 34. Kf2 Qd1 35. Bf3 Qd3 36. Qd2 Qb1 37. Bd4 Bb5 38. g4 Qf1+ 39. Kg3 Nb1 40. Qd1 1-0

[Event "FRA-chT1B 0708"]
[Site "France"]
[Date "2008.02.09"]
[Round "6.4"]
[White "Vernay, Clovis"]
[Black "Larrat, Philippe"]
[Result "0-1"]
[WhiteElo "2396"]
[BlackElo "2195"]
[PlyCount "74"]
[EventDate "2007.10.21"]
[EventType "team"]
[EventRounds "11"]
[EventCountry "FRA"]
[SourceTitle "EXT 2009"]
[Source "ChessBase"]
[SourceDate "2008.11.26"]
[SourceVersion "1"]
[SourceVersionDate "2008.11.26"]
[SourceQuality "1"]
[WhiteTeam "Lyon Olympique"]
[BlackTeam "Creteil"]
[WhiteTeamCountry "FRA"]
[BlackTeamCountry "FRA"]

1. d4 Nf6 2. c4 g6 3. Nc3 d5 4. cxd5 Nxd5 5. e4 Nxc3 6. bxc3 Bg7 7. Bc4 c5 8. Ne2 0-0 9. 0-0 Nc6 10. Be3 Qc7 11. Rc1 Rd8 12. Bf4 Qd7 13. dxc5 Qe8 14. Bd5 Bd7 15. Rb1 e6 16. Bb3 Ne5 17. Qc2 Rdc8 18. Be3 Ng4 19. Bd4 e5 20. f3 Nf6 21. Bf2 Bf8 22. Bd5 Nxd5 23. exd5 Bf5 24. Qd2 Bxb1 25. Rxb1 Rab8 26. Ng3 Qd8 27. d6 b6 28. cxb6 Qxd6 29. Qxd6 Bxd6 30. Ne4 Be7 31. Rb5 f5 32. Rxe5 Kf7 33. Nd2 axb6 34. Rb5 Rxc3 35. Nb3 Ra8 36. Rxb6 Rxa2 37. Rb7 Rxb3 0-1

[Event "FRA-chT1B 0708"]
[Site "France"]
[Date "2007.11.25"]
[Round "3.5"]
[White "Maleki, Nicolas"]
[Black "Larrat, Philippe"]
[Result "1/2-1/2"]
[WhiteElo "2193"]
[BlackElo "2195"]
[PlyCount "44"]
[EventDate "2007.10.21"]
[EventType "team"]
[EventRounds "11"]
[EventCountry "FRA"]
[SourceTitle "EXT 2009"]
[Source "ChessBase"]
[SourceDate "2008.11.26"]
[SourceVersion "1"]
[SourceVersionDate "2008.11.26"]
[SourceQuality "1"]
[WhiteTeam "Lutece"]
[BlackTeam "Creteil"]
[WhiteTeamCountry "FRA"]
[BlackTeamCountry "FRA"]

1. e4 c5 2. Nf3 g6 3. d4 cxd4 4. Nxd4 Nf6 5. Nc3 Nc6 6. Be2 Bg7 7. Nb3 0-0 8. 0-0 a5 9. a4 Nb4 10. Be3 d5 11. exd5 Nfxd5 12. Nxd5 Nxd5 13. Bd4 Nb4 14. Bxg7 Kxg7 15. c3 Nc6 16. Bb5 Qc7 17. Qe2 Be6 18. Nc5 Bd5 19. Qe3 b6 20. Nd3 Rad8 21. Nf4 e5 22. Nh5+ gxh5 1/2-1/2

[Event "FRA-chT Top 16 Gp Basse"]
[Site "France"]
[Date "2007.06.03"]
[Round "11.7"]
[White "Taddei, Benoit"]
[Black "Larrat, Philippe"]
[Result "1-0"]
[WhiteElo "2273"]
[BlackElo "2174"]
[PlyCount "117"]
[EventDate "2007.05.31"]
[EventType "team"]
[EventRounds "11"]
[EventCountry "FRA"]
[SourceTitle "CBM 118 Extra"]
[Source "ChessBase"]
[SourceDate "2007.07.04"]
[SourceVersion "1"]
[SourceVersionDate "2007.07.04"]
[SourceQuality "1"]
[WhiteTeam "Metz Fischer"]
[BlackTeam "Creteil"]
[WhiteTeamCountry "FRA"]
[BlackTeamCountry "FRA"]

1. e4 c5 2. Nf3 Nc6 3. d4 cxd4 4. Nxd4 g6 5. c4 Nf6 6. Nc3 d6 7. Nc2 Bg7 8. Be2 0-0 9. 0-0 Be6 10. Be3 Ne8 11. Qd2 f5 12. exf5 Bxf5 13. Nd4 Nc7 14. Rad1 Bd7 15. Nf3 Bg4 16. Ng5 Bxe2 17. Qxe2 h6 18. Nge4 b6 19. f4 Qe8 20. Qg4 Qf7 21. Qd7 Bxc3 22. Qxc6 Bxb2 23. Qxc7 Rac8 24. Qb7 Rxc4 25. Rf2 Qe6 26. Rxb2 Rxe4 27. Bf2 Rfxf4 28. Qd5 Qxd5 29. Rxd5 Rc4 30. Rd1 d5 31. Be3 Rf5 32. Bxh6 g5 33. Rf1 Re5 34. Rbf2 Rc6 35. Bf8 d4 36. Rf7 Rce6 37. h3 d3 38. Bg7 Re1 39. Bc3 Rxf1+ 40. Rxf1 Rc6 41. Rc1 b5 42. a3 g4 43. hxg4 Rc4 44. Kf2 Rf4+ 45. Kg3 Ra4 46. Bb4 e5 47. Rd1 a5 48. Bd6 e4 49. Kf4 Rc4 50. Ke3 b4 51. axb4 axb4 52. Be5 b3 53. Bd4 Kf7 54. Rd2 Rc2 55. Rxc2 bxc2 56. Kd2 Ke6 57. Be3 Kd5 58. Kc3 Ke5 59. Kc4 1-0

[Event "FRA-chT Top 16 GpA"]
[Site "France"]
[Date "2007.04.28"]
[Round "4"]
[White "Leconte, Maria"]
[Black "Larrat, Philippe"]
[Result "0-1"]
[WhiteElo "2377"]
[BlackElo "2174"]
[PlyCount "66"]
[EventDate "2007.02.09"]
[EventType "team"]
[EventRounds "11"]
[EventCountry "FRA"]
[SourceTitle "CBM 118 Extra"]
[Source "ChessBase"]
[SourceDate "2007.07.04"]
[SourceVersion "1"]
[SourceVersionDate "2007.07.04"]
[SourceQuality "1"]
[WhiteTeam "Cannes"]
[BlackTeam "Creteil"]
[WhiteTeamCountry "FRA"]
[BlackTeamCountry "FRA"]

1. e4 c5 2. Nf3 g6 3. d4 cxd4 4. Nxd4 Nc6 5. Nc3 Bg7 6. Nb3 Nf6 7. Be2 0-0 8. 0-0 a5 9. a4 Nb4 10. Bf3 d6 11. Nd5 Nfxd5 12. exd5 Bf5 13. c3 Bc2 14. Qd2 Bxb3 15. cxb4 Qb6 16. Ra3 Bc4 17. bxa5 Rxa5 18. b4 Rxa4 19. Rxa4 Bxf1 20. Ra5 Ba6 21. b5 Rc8 22. bxa6 Bc3 23. Qc2 Qxa5 24. axb7 Rb8 25. Bg4 Rxb7 26. h4 Qa1 27. Kh2 Be5+ 28. g3 Rb1 29. Bh6 Rh1+ 30. Kg2 Rg1+ 31. Kf3 Qd1+ 32. Qxd1 Rxd1 33. Ke2 Rxd5 0-1

[Event "FRA-chT Top 16 GpA"]
[Site "France"]
[Date "2007.02.10"]
[Round "2.7"]
[White "Mensch, Etienne"]
[Black "Larrat, Philippe"]
[Result "1/2-1/2"]
[WhiteElo "2312"]
[BlackElo "2156"]
[PlyCount "96"]
[EventDate "2007.02.09"]
[EventType "team"]
[EventRounds "11"]
[EventCountry "FRA"]
[SourceTitle "CBM 116 Extra"]
[Source "ChessBase"]
[SourceDate "2007.03.07"]
[SourceVersion "1"]
[SourceVersionDate "2007.03.07"]
[SourceQuality "1"]
[WhiteTeam "Bischwiller"]
[BlackTeam "Creteil"]
[WhiteTeamCountry "FRA"]
[BlackTeamCountry "FRA"]

1. d4 Nf6 2. Nf3 g6 3. g3 Bg7 4. Bg2 0-0 5. 0-0 d5 6. c4 dxc4 7. Nbd2 Nc6 8. Nxc4 Be6 9. b3 Bd5 10. Bb2 a5 11. Re1 b5 12. Ncd2 Ne4 13. Ne5 Nxe5 14. Nxe4 Nd7 15. Rc1 a4 16. Nc5 Bxg2 17. Kxg2 Nb6 18. e3 axb3 19. axb3 Ra2 20. Nd3 e5 21. dxe5 Nd7 22. Bd4 Re8 23. Rc2 Rxc2 24. Qxc2 Nxe5 25. Nxe5 Bxe5 26. Rd1 Bxd4 27. Rxd4 Qa8+ 28. Kg1 Qa1+ 29. Rd1 Qe5 30. Qc6 Re6 31. Qa8+ Re8 32. Qb7 Re6 33. Rc1 Re7 34. Qc6 Qb2 35. Qc3 Qxc3 36. Rxc3 Rd7 37. Kg2 b4 38. Rc4 c5 39. Rxc5 Rd3 40. Rb5 Rxb3 41. h4 Kg7 42. Rb6 Rb2 43. Kf3 f5 44. Rb7+ Kg8 45. Kg2 Kh8 46. Kf3 Kg8 47. Ra7 Rc2 48. Rb7 Rb2 1/2-1/2

[Event "FRA-chT Top 16 GpA"]
[Site "France"]
[Date "2007.02.09"]
[Round "1.6"]
[White "Larrat, Philippe"]
[Black "Philippe, Christophe"]
[Result "1-0"]
[WhiteElo "2156"]
[BlackElo "2364"]
[PlyCount "65"]
[EventDate "2007.02.09"]
[EventType "team"]
[EventRounds "11"]
[EventCountry "FRA"]
[SourceTitle "CBM 116 Extra"]
[Source "ChessBase"]
[SourceDate "2007.03.07"]
[SourceVersion "1"]
[SourceVersionDate "2007.03.07"]
[SourceQuality "1"]
[WhiteTeam "Creteil"]
[BlackTeam "Vandoeuvre"]
[WhiteTeamCountry "FRA"]
[BlackTeamCountry "FRA"]

1. e4 c5 2. c3 d5 3. exd5 Qxd5 4. d4 Nc6 5. Nf3 Nf6 6. Be3 cxd4 7. cxd4 e6 8. Nc3 Qd6 9. a3 Be7 10. Bd3 0-0 11. 0-0 b6 12. Qe2 Bb7 13. Rad1 Rad8 14. Bb1 Rfe8 15. Rfe1 Qb8 16. Qc2 g6 17. Ba2 Qa8 18. Bg5 Kg7 19. d5 Nxd5 20. Nxd5 exd5 21. Rxe7 Nxe7 22. Qc3+ Kg8 23. Qb4 Nf5 24. Bb1 d4 25. Nd2 Rd5 26. Ne4 Rxe4 27. Bxe4 Re5 28. Bxf5 Rxf5 29. Bh6 Rh5 30. Rxd4 Bd5 31. Qd2 Re5 32. f4 Rh5 33. Bg5 1-0

[Event "Paris-ch"]
[Site "Paris"]
[Date "2005.07.10"]
[Round "2"]
[White "Perez Garcia, Rodney Oscar"]
[Black "Larrat, Philippe"]
[Result "1-0"]
[WhiteElo "2442"]
[BlackElo "2195"]
[PlyCount "53"]
[EventDate "2005.07.10"]
[EventType "swiss"]
[EventRounds "9"]
[EventCountry "FRA"]
[SourceTitle "CBM 107 Extra"]
[Source "ChessBase"]
[SourceDate "2005.09.01"]
[SourceVersion "1"]
[SourceVersionDate "2005.09.01"]
[SourceQuality "1"]

1. e4 c5 2. Nf3 Nc6 3. Bb5 g6 4. 0-0 Bg7 5. Re1 Nf6 6. e5 Nd5 7. Nc3 Nc7 8. Bxc6 dxc6 9. Ne4 Ne6 10. d3 b6 11. Be3 0-0 12. Qd2 Re8 13. Bh6 Bh8 14. Neg5 f6 15. Nxe6 Bxe6 16. Qf4 Qd7 17. Re3 Bg4 18. Nd2 fxe5 19. Qc4+ Be6 20. Qh4 Qd4 21. Ne4 Qxb2 22. Rae1 Bd5 23. Rh3 Qxa2 24. Bc1 h5 25. Rg3 Bxe4 26. Qxe4 Red8 27. Qxg6+ 1-0

[Event "Issy les Moulineaux tt"]
[Site "Issy les Moulineaux"]
[Date "2005.04.17"]
[Round "6"]
[White "Larrat, Philippe"]
[Black "Trommsdorf, Fro"]
[Result "0-1"]
[WhiteElo "2204"]
[BlackElo "2196"]
[PlyCount "69"]
[EventDate "2004.11.21"]
[EventType "team"]
[EventRounds "7"]
[EventCountry "FRA"]
[SourceTitle "EXT 2007"]
[Source "ChessBase"]
[SourceDate "2006.11.23"]
[SourceVersion "1"]
[SourceVersionDate "2006.11.23"]
[SourceQuality "1"]

1. e4 g6 2. d4 Bg7 3. Nc3 c6 4. Be3 d5 5. Qd2 Nf6 6. exd5 cxd5 7. Nf3 Bf5 8. Bb5+ Nbd7 9. Nh4 Be6 10. h3 a6 11. Bd3 Nb6 12. b3 Rc8 13. f4 Qc7 14. Nd1 Bd7 15. f5 Qg3+ 16. Bf2 Qd6 17. 0-0 Bb5 18. Ne3 Ne4 19. Bxe4 Bxf1 20. fxg6 hxg6 21. Bf5 e6 22. Nxg6 fxg6 23. Bxg6+ Kd7 24. Rxf1 Rh6 25. Qd3 Rf8 26. Ng4 Rhh8 27. Ne5+ Bxe5 28. dxe5 Qc7 29. Qd4 Nc8 30. c4 Ne7 31. Bb1 Kc8 32. cxd5 Nxd5 33. Be4 Rf4 34. Bxd5 Rxd4 35. Bxe6+ 0-1

[Event "FRA-chT2 0304"]
[Site "France"]
[Date "2004.03.13"]
[Round "8"]
[White "Hurpeau, Jean Marc"]
[Black "Larrat, Philippe"]
[Result "0-1"]
[WhiteElo "1983"]
[BlackElo "2189"]
[PlyCount "80"]
[EventDate "2003.10.??"]
[EventType "team"]
[EventRounds "11"]
[EventCountry "FRA"]
[SourceTitle "EXT 2005"]
[Source "ChessBase"]
[SourceDate "2004.11.15"]
[SourceVersion "1"]
[SourceVersionDate "2004.11.15"]
[SourceQuality "1"]

1. d4 c5 2. e3 cxd4 3. exd4 d5 4. Nf3 Nf6 5. Bd3 Nc6 6. c3 Qb6 7. Nbd2 Bg4 8. 0-0 e6 9. Re1 Bd6 10. Qa4 0-0 11. Ne5 Bf5 12. Qc2 Bxe5 13. Bxf5 Bxd4 14. Bxh7+ Nxh7 15. cxd4 Nxd4 16. Qd3 Rac8 17. Rb1 Nc2 18. Rf1 Qd4 19. Qb3 Qb4 20. Qg3 Nd4 21. Qe3 Nf5 22. Qd3 Nf6 23. Nf3 Qe4 24. Qxe4 Nxe4 25. g4 Nfd6 26. Be3 Nc4 27. Rfe1 Nxe3 28. fxe3 Rc4 29. Rbc1 Rfc8 30. Rxc4 Rxc4 31. Re2 f6 32. Kg2 e5 33. h3 Kf7 34. g5 Nxg5 35. Nxg5+ fxg5 36. Kf3 Kf6 37. Rd2 Ke6 38. Rg2 Kf5 39. Rd2 Rh4 40. Rh2 Rxh3+ 0-1

[Event "FRA-ch op-A"]
[Site "Aix les Bains"]
[Date "2003.08.24"]
[Round "6"]
[White "Larrat, Philippe"]
[Black "Robin, Samy"]
[Result "1/2-1/2"]
[WhiteElo "2177"]
[BlackElo "2105"]
[PlyCount "76"]
[EventDate "2003.08.19"]
[EventType "swiss"]
[EventRounds "11"]
[EventCountry "FRA"]
[SourceTitle "EXT 2004"]
[Source "ChessBase"]
[SourceDate "2003.11.25"]
[SourceVersion "1"]
[SourceVersionDate "2003.11.25"]
[SourceQuality "1"]

1. e4 e5 2. Nf3 Nc6 3. Nc3 Nf6 4. d4 exd4 5. Nxd4 d6 6. Nxc6 bxc6 7. Bd3 Be7 8. 0-0 0-0 9. h3 d5 10. Qf3 Be6 11. e5 Nd7 12. Qg3 f5 13. Ne2 Nc5 14. Nf4 Qd7 15. Nh5 Rf7 16. Bh6 g6 17. Nf6+ Bxf6 18. exf6 Rxf6 19. Qe5 Rf7 20. b4 Ne4 21. Bxe4 fxe4 22. Bc1 Rf5 23. Qd4 Qg7 24. Bb2 Qxd4 25. Bxd4 a6 26. Rae1 Rb8 27. a3 Re8 28. Re3 Bd7 29. Rc3 h5 30. Re1 Kf7 31. Rce3 g5 32. R1e2 g4 33. h4 Rg8 34. Rd2 Ke6 35. Kh2 Ra8 36. Kg3 a5 37. c3 axb4 38. axb4 Rf7 1/2-1/2

[Event "FRA-ch op-A"]
[Site "Aix les Bains"]
[Date "2003.08.21"]
[Round "3"]
[White "Lagunes, Jean Renaud"]
[Black "Larrat, Philippe"]
[Result "0-1"]
[WhiteElo "2088"]
[BlackElo "2177"]
[PlyCount "106"]
[EventDate "2003.08.19"]
[EventType "swiss"]
[EventRounds "11"]
[EventCountry "FRA"]
[SourceTitle "EXT 2004"]
[Source "ChessBase"]
[SourceDate "2003.11.25"]
[SourceVersion "1"]
[SourceVersionDate "2003.11.25"]
[SourceQuality "1"]

1. e4 c5 2. Nf3 g6 3. d4 Bg7 4. c4 cxd4 5. Nxd4 Nc6 6. Nb5 a6 7. N5c3 Nf6 8. Be2 0-0 9. 0-0 d6 10. Na3 Be6 11. Be3 Rc8 12. f3 Ne5 13. Nd5 Bxd5 14. exd5 Qa5 15. Qd2 Qxd2 16. Bxd2 Ned7 17. Rab1 b6 18. Rfd1 Nh5 19. Bg5 h6 20. Be3 Nc5 21. Rd2 Rc7 22. Nc2 g5 23. g3 Nf6 24. h3 Ra8 25. Nb4 Nh5 26. Kg2 a5 27. Nc2 Be5 28. Bxc5 Rxc5 29. f4 Bxf4 30. gxf4 Nxf4+ 31. Kg3 Nxe2+ 32. Rxe2 Rxc4 33. Ne3 Re4 34. Rc1 f5 35. Kf2 Ra7 36. Rec2 Kf7 37. Rc8 Rh4 38. Kg2 Rb4 39. R1c2 f4 40. Nc4 Rb5 41. Kf3 Rxd5 42. Nxb6 Rd3+ 43. Ke4 Rxh3 44. Rb8 Re3+ 45. Kd4 e5+ 46. Kd5 f3 47. Rcc8 Kg6 48. Nc4 Rd3+ 49. Ke4 f2 50. Rg8+ Rg7 51. Nxe5+ dxe5 52. Rb6+ Kf7 53. Rc8 f1Q 0-1

[Event "FRA-ch op-A"]
[Site "Aix les Bains"]
[Date "2003.08.19"]
[Round "1"]
[White "Vaillant, Stephane"]
[Black "Larrat, Philippe"]
[Result "0-1"]
[WhiteElo "2054"]
[BlackElo "2177"]
[PlyCount "88"]
[EventDate "2003.08.19"]
[EventType "swiss"]
[EventRounds "11"]
[EventCountry "FRA"]
[SourceTitle "EXT 2004"]
[Source "ChessBase"]
[SourceDate "2003.11.25"]
[SourceVersion "1"]
[SourceVersionDate "2003.11.25"]
[SourceQuality "1"]

1. d4 Nf6 2. Nf3 c5 3. d5 d6 4. c4 b5 5. cxb5 a6 6. bxa6 Bxa6 7. Nc3 g6 8. e4 Bxf1 9. Kxf1 Bg7 10. g3 0-0 11. Kg2 Nbd7 12. h3 Qa5 13. Re1 Rfb8 14. Re2 Nb6 15. Qc2 Na4 16. Nxa4 Qxa4 17. b3 Rxb3 18. axb3 Qxa1 19. Bb2 Qa6 20. g4 Qb5 21. Re1 Rb8 22. Nd2 h5 23. g5 Nd7 24. Bxg7 Kxg7 25. Re3 Kh7 26. Nc4 Nb6 27. Nxb6 Qxb6 28. Rf3 Kg8 29. Qd2 Qb4 30. Qf4 Rf8 31. Qe3 Qb7 32. Qd2 Kg7 33. Qc3+ f6 34. gxf6+ exf6 35. Qe3 Qe7 36. Qd3 Qe5 37. Qc4 Re8 38. Qa6 Re7 39. Qc6 h4 40. Re3 Qf4 41. Kf1 Ra7 42. Qe8 Qh2 43. Rd3 Ra2 44. Qe7+ Kh6 0-1

[Event "Paris op-A"]
[Site "Paris"]
[Date "2003.??.??"]
[Round "4"]
[White "Nguyen, Marc Antoine"]
[Black "Larrat, Philippe"]
[Result "0-1"]
[WhiteElo "2091"]
[BlackElo "2177"]
[PlyCount "84"]
[EventDate "2003.07.05"]
[EventType "swiss"]
[EventRounds "9"]
[EventCountry "FRA"]
[SourceTitle "EXT 2005"]
[Source "ChessBase"]
[SourceDate "2004.11.15"]
[SourceVersion "1"]
[SourceVersionDate "2004.11.15"]
[SourceQuality "1"]

1. e4 c5 2. f4 d5 3. exd5 Nf6 4. c4 e6 5. dxe6 Bxe6 6. d3 Nc6 7. Nf3 Bd6 8. Nc3 Qb8 9. g3 0-0 10. Be2 Re8 11. 0-0 Bh3 12. Re1 h6 13. Bd2 a6 14. Qc1 b5 15. b3 Bg4 16. Kf2 b4 17. Nd1 Rxe2+ 18. Rxe2 Bxf3 19. Kxf3 Nd4+ 20. Kf2 Ng4+ 21. Kf1 Qb7 22. Re4 f5 23. h3 Nh2+ 24. Kg2 fxe4 25. Kxh2 Nf3+ 26. Kg2 Nxd2 27. Ne3 exd3+ 28. Nd5 Ne4 29. Qe3 Nc3 30. Qxd3 Nxd5 31. cxd5 Qb5 32. Qd2 Re8 33. Re1 Kf8 34. Re6 Rxe6 35. dxe6 Qc6+ 36. Kh2 Bc7 37. f5 Qd6 38. Qf2 a5 39. h4 Ke7 40. Kh3 Qxg3+ 41. Qxg3 Bxg3 42. Kxg3 c4 0-1

[Event "FRA-chT2S 0203"]
[Site "France"]
[Date "2002.11.17"]
[Round "3.2"]
[White "Clery, Nicolas"]
[Black "Larrat, Philippe"]
[Result "1-0"]
[WhiteElo "2333"]
[BlackElo "2164"]
[PlyCount "59"]
[EventDate "2002.10.??"]
[EventType "team"]
[EventRounds "11"]
[EventCountry "FRA"]
[SourceTitle "EXT 2004"]
[Source "ChessBase"]
[SourceDate "2003.11.25"]
[SourceVersion "1"]
[SourceVersionDate "2003.11.25"]
[SourceQuality "1"]
[WhiteTeam "Le Touquet"]
[BlackTeam "Creteil"]
[WhiteTeamCountry "FRA"]
[BlackTeamCountry "FRA"]

1. d4 Nf6 2. Nf3 d5 3. c4 e6 4. g3 dxc4 5. Bg2 Be7 6. 0-0 0-0 7. Qc2 a6 8. a4 Nd5 9. Bd2 Nc6 10. Qxc4 Bf6 11. a5 Nde7 12. Bc3 Qd5 13. Qd3 Qh5 14. Nbd2 Rd8 15. Ne4 Bxd4 16. Nxd4 Nxd4 17. Bxd4 e5 18. Qa3 Nc6 19. Bc5 Qxe2 20. Bf3 Qc4 21. Rac1 Qe6 22. Rfe1 Qg6 23. Nc3 Bf5 24. Nd5 e4 25. Nf4 Qf6 26. Bxe4 Bxe4 27. Rxe4 Rd2 28. Qe3 Rdd8 29. Be7 Nxe7 30. Rxe7 1-0

[Event "FRA-chT2"]
[Site "France"]
[Date "2002.01.??"]
[Round "5"]
[White "Bakalarz, Mietek"]
[Black "Larrat, Philippe"]
[Result "1-0"]
[WhiteElo "2328"]
[BlackElo "2159"]
[PlyCount "65"]
[EventDate "2002.??.??"]
[EventType "team"]
[EventRounds "11"]
[EventCountry "FRA"]
[SourceTitle "EXT 2003"]
[Source "ChessBase"]
[SourceDate "2002.11.25"]
[SourceVersion "1"]
[SourceVersionDate "2002.11.25"]
[SourceQuality "1"]

1. e4 c5 2. Nc3 g6 3. Nf3 Bg7 4. d4 cxd4 5. Nxd4 Nc6 6. Nb3 Nf6 7. Be2 0-0 8. 0-0 a5 9. a4 Nb4 10. Bg5 d5 11. exd5 Nbxd5 12. Nxd5 Qxd5 13. Qxd5 Nxd5 14. Bf3 e6 15. c3 h6 16. Bd2 Nb6 17. Nc5 Nc4 18. Bc1 Ne5 19. Bxb7 Bxb7 20. Nxb7 Nd3 21. Rd1 Nxc1 22. Raxc1 Rfb8 23. Nd6 Rxb2 24. c4 Be5 25. c5 Bxd6 26. Rxd6 Rc8 27. Kf1 Rb4 28. c6 Kf8 29. Rd7 Rxa4 30. c7 Ke8 31. Rcd1 Ra1 32. Rd8+ Ke7 33. Rxa1 1-0

[Event "Paris-ch op"]
[Site "Paris"]
[Date "2001.07.26"]
[Round "6"]
[White "Larrat, Philippe"]
[Black "Ballester, Alexandre"]
[Result "1-0"]
[WhiteElo "2176"]
[BlackElo "2114"]
[PlyCount "39"]
[EventDate "2001.07.21"]
[EventType "swiss"]
[EventRounds "9"]
[EventCountry "FRA"]
[SourceTitle "CBM 083 Extra"]
[Source "ChessBase"]
[SourceDate "2001.09.11"]
[SourceVersion "1"]
[SourceVersionDate "2001.09.11"]
[SourceQuality "1"]

1. e4 c5 2. c3 Nf6 3. e5 Nd5 4. d4 cxd4 5. Nf3 Nc6 6. Bc4 Nb6 7. Bb3 d5 8. exd6 Qxd6 9. 0-0 Be6 10. Bxe6 Qxe6 11. Nxd4 Nxd4 12. Qxd4 Rd8 13. Qh4 Qe2 14. Be3 Qxb2 15. Nd2 Rxd2 16. Rab1 Qxc3 17. Bxd2 Qxd2 18. Rfd1 Qc3 19. Rxb6 f6 20. Rxb7 1-0